书目信息 |
| 题名: |
中国文化探寻
|
|
| 作者: | 闻君 编著 | |
| 分册: | ||
| 出版信息: | 北京 时事出版社 2007.01 |
|
| 页数: | 269页 | |
| 开本: | 24cm | |
| 丛书名: | 华夏文明探索之路 | |
| 单 册: | ||
| 中图分类: | K203-49 | |
| 科图分类: | ||
| 主题词: | 文化史--wen hua shi--中国--通俗读物 | |
| 电子资源: | ||
| ISBN: | 978-7-80232-040-6 | |
| 000 | 00989nam 2200265 450 | |
| 001 | 012008414547 | |
| 005 | 20080414105859.31 | |
| 010 | @a978-7-80232-040-6@dCNY29.00 | |
| 100 | @a20080414d2007 em y0chiy0120 ea | |
| 101 | 0 | @achi |
| 102 | @aCN@b110000 | |
| 105 | @aa z 000yy | |
| 106 | @ar | |
| 200 | 1 | @a中国文化探寻@Azhong guo wen hua tan xun@d= The Chinese culture explores@f闻君编著@Fwen jun bian zhu@zeng |
| 210 | @a北京@c时事出版社@d2007.01 | |
| 215 | @a269页@c图@d24cm | |
| 225 | 2 | @a华夏文明探索之路@Ahua xia wen ming tan suo zhi lu |
| 330 | @a本书对中国文化悬而未决、不为人知的谜案进行了全面、系统的探索。全书资料翔实、珍贵,语言生动、活泼,是我们了解华夏文明、珍惜现在、创造未来而不可不读的上乘之作。 | |
| 410 | 0 | @12001 @a华夏文明探索之路 |
| 510 | 1 | @aChinese culture explores@zeng |
| 606 | 0 | @a文化史@Awen hua shi@y中国@j通俗读物 |
| 690 | @aK203-49@v4 | |
| 701 | 0 | @a闻君@Awen jun@4编著 |
| 801 | 0 | @aCN@bQSSK@c20080414 |
| 905 | @b291079-81@dK203-49@eW679@f3 | |
| 中国文化探寻= The Chinese culture explores/闻君编著.-北京:时事出版社,2007.01 |
| 269页:图;24cm.-(华夏文明探索之路) |
| ISBN 978-7-80232-040-6:CNY29.00 |
| 本书对中国文化悬而未决、不为人知的谜案进行了全面、系统的探索。全书资料翔实、珍贵,语言生动、活泼,是我们了解华夏文明、珍惜现在、创造未来而不可不读的上乘之作。 |
| ● |
| 相关链接 |
|
|
|
正题名:中国文化探寻
索取号:K203-49/W679
 
预约/预借
| 序号 | 登录号 | 条形码 | 馆藏地/架位号 | 状态 | 备注 |
| 1 | 291079 | 202910797 | 社科库309/309社科库 106排3列2层/ [索取号:K203-49/W679] | 在馆 | |
| 2 | 291080 | 202910804 | 社科库309/309社科库 106排3列2层/ [索取号:K203-49/W679] | 在馆 | |
| 3 | 291081 | 202910813 | 社科库309/309社科库 106排3列2层/ [索取号:K203-49/W679] | 在馆 |